00301nam a2200121Ia 4500100000900000942000700009654001100016245002900027260000900056546001200065999001700077952008500094 a#N/A cBK amaya 6 aMaya 6 Personal Learning b#N/A aENGLISH c34078d34078 001040708CDaCRCEbCRCEd2023-03-17l0o pCD1282r2023-03-17w2023-03-17yBK